000 00268nam a2200097Ia 4500
008 220204s9999 xx 000 0 und d
082 _a339.18(493.21)
_bECO
245 0 _aEconomic and commercial reports: Brussels
260 _aNew Delhi
_bForeign trade
_c1967
942 _cBK
999 _c22172
_d22172